| 000 | 02109nam0a2200397 4500 | ||
|---|---|---|---|
| 001 | RU\NLR\bibl\933097 | ||
| 005 | 20250614193016.0 | ||
| 021 |
_aRU _b2006-9126 _9438 |
||
| 035 | _a(nilc)RSL-KNO-002842659 | ||
| 035 | _a(NLR Aleph) 000921305 | ||
| 090 |
_a101566 _c101566 |
||
| 100 | _a20060317d2006 |||y0rusy50 ca | ||
| 101 | 0 | _arus | |
| 102 | _aRU | ||
| 105 | _aa ||||||||| | ||
| 106 | _ar | ||
| 200 | 1 |
_aВодяра _eроман _fАртур Таболов |
|
| 210 |
_aМосква _cПодвиг _d2006 _eМ. _gТипография АО "Молодая гвардия" |
||
| 215 |
_a285 с. _cил. _d20 |
||
| 225 | 1 |
_aПодвиг _v2'2006 |
|
| 225 | 1 | _aГероика. Приключения. Детектив | |
| 225 | 1 | _aЭлексир жизни | |
| 423 | 0 |
_12001#$aАтомный шантаж$eповесть$fСергей Валяев _1700#1$aВаляев$bС. И.$gСергей Иванович$4070 _1210##$aМосква$d2006 _1215##$aС. 218-277$cил. _tАтомный шантаж _aВаляев, Сергей Иванович |
|
| 610 | 0 | _aФилологические науки. Художественная литература -- Российская Федерация -- Русская литература -- с сер. 50-х гг. 20 в. -- Произведения художественной литературы -- Художественная проза -- Романы. Повести. Рассказы -- Приключенческие и детективные романы, повести, рассказы -- Сборники разных авторов | |
| 686 |
_aШ5(2=Р)75-644.6я43 _2rubbk |
||
| 686 | _aШ6(2=Р)75-446Таболов | ||
| 686 | _aШ6(2=Р)75-446Валяев | ||
| 700 | 1 |
_4070 _7ca _8rus _aТаболов _bА. Б. _f1958- _gАртур Батразович _9262862 _3RU\NLR\AUTH\770262918 |
|
| 801 | 0 |
_aRU _bРКП _c20060317 _grpk |
|
| 801 | 1 |
_aRU _bРГБ _c20060317 |
|
| 801 | 2 |
_aRU _bNLR _c20060415 _grcr |
|
| 942 | _cBOOK | ||
| 980 | _aNB | ||